| 000 | 02039nam a2200373 a 4500 | ||
|---|---|---|---|
| 003 | BLK | ||
| 005 | 20250611094908.0 | ||
| 008 | 250605b bul rap|r|||| r0| ||bulo| | ||
| 020 | _a978-619-7404-61-6 | ||
| 040 | _aBLK | ||
| 041 |
_aBUL _cBUL _hENG |
||
| 080 |
_aЕкслибриси. Собствени книжни знаци. Знаци за произхода на книгата. Вж и Екслибрис като приложна графика 766:097;Колекции от екслибриси 769. 3:097 _b097 _x:061.41(497.215)(083.824) _z097:061.41(497.215)(083.824) |
||
| 080 |
_aЕскизи за екслибриси _b766:097 _x:061.41(497.215)(083.824) _z766:097:061.41(497.215)(083.824) |
||
| 110 |
_aМеждународен конкурс за екслибрис, ХХ. Русе, 2024 _9498371 |
||
| 245 | 1 | 0 |
_aXX Международен конкурс за екслибрис Ex Libris - Ex Olympiis _bкаталог |
| 246 | 1 | 1 |
_aXX International Ex Libris Competition Ex Libris - Ex Olympiis _bcatalogue |
| 257 | _aBGR | ||
| 260 |
_aРусе _bРегион. библ. Любен Каравелов _c2024 _f(Русе : Русенски унив. "Ангел Кънчев") |
||
| 300 |
_a240 с. _bс ил., портр. _c15x16 см |
||
| 380 | _a0 | ||
| 500 | _aИзд. на Регион. библ. Любен Каравелов - Русе. - Текст и на англ. ез. | ||
| 650 | 4 |
_aЕкслибриси _9154497 |
|
| 650 | 4 |
_aЕкслибриси - изложби - каталози _9154498 |
|
| 650 | 4 |
_aГрафика, приложна _9282617 |
|
| 651 | 4 |
_aРусе _9179462 |
|
| 653 | _aекслибриси | ||
| 653 | _aкаталози | ||
| 653 | _aБиблиотека Любен Каравелов | ||
| 852 |
_bК _cК 0/М 45 |
||
| 856 |
_i0.00 _ldisable |
||
| 942 |
_cKNG _n0 _s1 |
||
| 944 |
_cГеновева Генчева _k30540 _lСевдалина Тодорова |
||
| 999 |
_c539413 _d539413 |
||